000 03842nam a22002657a 4500
001 5150503
003 UA-OsUOA
005 20201109125926.0
008 200409b un ||||| m||| 00| 0 ukr d
040 _aUA-OsUOA
_bukr
_cUA-OsUOA
_dUA-OsUOA
041 _aukr
080 _a349.4
090 _a349.4
095 _a12.00.06
_bземельне право; аграрне право; екологічне право; природоресурсне право
100 _aФедчишин Д. В.
245 _aПравові засади використання земель громадської забудови
_cФедчишин Дмитро Володимирович ; наук. керівник Шульга Михайло Васильович
260 _aХарків
_c2014
300 _a20 с.
502 _6Автореферат дисертації на здобуття наукового ступеня кандидата юридичних наук
_cНаціональний юридичний університет імені Ярослава Мудрого
_d2014
520 _aДисертацію присвячено комплексній науковій розробці правових засад використання земель громадської забудови. Здійснено історико-правовий аналіз розвитку законодавства у зазначеній сфері. У роботі сформульовано й розкрито юридичний зміст дефініції "землі громадської забудови" та проведено відмежування від інших суміжних категорій; визначені їх ознаки; проведено порівняльний аналіз використання земель громадської забудови та інших земель забудови. Стверджується що використання земель громадської забудови може здійснюватися на титулі постійного користування, на умовах оренди та суперфіцію. Право постійного користування земельною ділянкою — право володіння та користування земельною ділянкою державної чи комунальної власності без визначення строку. Особливість оренди земель громадської забудови полягає у тому, що земельні ділянки громадської забудови, виступаючи територіальним базисом для розміщення та будівництва відповідних будівель та споруд, а також інших об’єктів загального користування, підлягають забудові, тому на їх орендарів покладається відповідний обов’язок — здійснити забудову. Власник земельної ділянки має право надати її в користування іншій особі для будівництва побутових, соціально-культурних та інших споруд і будівель. Таке право виникає на підставі договору або заповіту.
650 _2UDC
_a349 Спеціальні галузі права змішаного характеру
942 _2udc
_cAR
955 _a1
999 _c458813
_d458813